System analysis and design/ Roberta M. Roth, Alan Dennis, Barbara Haley Wixom.

"The 5th Edition of Dennis, Wixom, and Roth's Systems Analysis and Design continues to offer a hands-on, project based approach to SA & D that focuses on the core set of skills that all analysts must possess. Simply reading about systems analysis and design is not enough; students need...

Full description

Saved in:
Bibliographic Details
Main Author: Roth, Roberta M. (Roberta Marie), 1955-
Other Authors: Dennis, Alan, Wixom, Barbara Haley, 1969-
Format: Book
Language:English
Published: Hoboken, N.J. Wiley 2013.
Edition:Fifth edition., International student version.
Subjects:
Tags: Add Tag
No Tags, Be the first to tag this record!
LEADER 02888nam a2200469 i 4500
001 vtls000135809
005 20210709185314.0
003 MY-ArUMP
008 180301s2013 njua f b 001 0 eng
020 |a 1118093747  |q (pbk.) 
020 |a 9781118093740  |q (pbk.) 
035 |a (OCoLC)1026402262 
035 |a (OCoLC)on1026402262 
039 9 |a 201803011451  |b RAR  |y 201803011133  |z RAR 
040 |a MYPMP  |b eng  |e rda  |c MYPMP 
049 |a MYPA 
090 0 0 |a QA76.9  |b S88R845 2013 
100 1 |a Roth, Roberta M.  |q (Roberta Marie),  |d 1955- 
245 1 0 |a System analysis and design/  |b Roberta M. Roth, Alan Dennis, Barbara Haley Wixom. 
246 1 |i Cover and spine title:  |a Systems analysis and design 
250 |a Fifth edition., International student version. 
264 1 |a Hoboken, N.J.  |b Wiley  |c 2013. 
300 |a xxiv, 561 pages  |b color illustrations  |c 25 cm 
336 |a text  |b txt  |2 rdacontent 
337 |a unmediated  |b n  |2 rdamedia 
338 |a volume  |b nc  |2 rdacarrier 
500 |a Previous edition: 2010. 
500 |a Includes index. 
504 |a Includes bibliographical references and index. 
505 0 |a pt. 1. Planning Phase -- Ch. 1. The System Analysts and Information Systems Development -- Ch. 2. Project Selection and Management -- pt. 2. Analysis Phase -- Ch. 3. Requirements Determination -- Ch. 4. Use Case Analysis -- Ch. 5. Process Modeling -- Ch. 6. Data Modeling -- pt. 3. Design Phase -- Ch. 7. The Design Phase, Design Strategy, and Architecture Design -- Ch. 8. User Interface Design -- Ch. 9. Program Design -- Ch. 10. Data Storage Design -- pt. 4. Implementation Phase -- Ch. 11. Moving into Implementation -- Ch. 12. Transition to the New System -- Ch. 13. The Movement to Objects. 
520 |a "The 5th Edition of Dennis, Wixom, and Roth's Systems Analysis and Design continues to offer a hands-on, project based approach to SA & D that focuses on the core set of skills that all analysts must possess. Simply reading about systems analysis and design is not enough; students need to do it! Building on their experience as professional systems analysts and award-winning teachers, the authors capture the experience of developing and analyzing systems in a way no others can."--Provided by publisher. 
650 0 |a System design. 
650 0 |a System analysis. 
700 1 |a Dennis, Alan. 
700 1 |a Wixom, Barbara Haley,  |d 1969- 
942 |2 lcc  |c BK-OS 
949 |a VIRTUAITEM  |d 30000  |f 1  |x 1  |6 053366 
949 |a VIRTUAITEM  |d 10000  |f 2  |x 1  |6 053367  |a QA76.9 S88R845 2013 c.2 
994 |a C0  |b MYPMP 
999 |c 2792  |d 2792 
952 |0 0  |1 0  |2 lcc  |4 0  |6 QA00769 S88 R845 02013 C.00002  |7 0  |9 3141  |a FSGM  |b FSGM  |c 1  |d 2021-07-09  |o QA76.9 S88R845 2013 c.2  |p 053367  |r 2021-07-09  |t 1  |w 2021-07-09  |y BK-OS 
952 |0 0  |1 0  |2 lcc  |4 0  |6 QA00769 S88 R845 02013  |7 0  |9 3142  |a PTSFP  |b PTSFP  |c 1  |d 2021-07-09  |o  QA 76.9 S88R845 2013  |p 053366  |r 2021-07-09  |t 1  |w 2021-07-09  |y BK-OS